000
00277nam a2200109Ia 4500
008
200302s9999 xx 000 0 und d
100
_a
James Grayson Trulove
245
_a
Ten Landscapes Mario Schjetnan
260
_b
Rockport Publishers Inc.
260
_c
2002
300
_a
121 P.,
999
_c
1966
_d
1966